Responses for Show #3016 - Monday, October 13, 1997

Peter Scott game 1.

Contestants

[<< previous game]

Peter Scott, an advertising manager from Washington, D.C.

Lindley Henson, a mother of twins from Wauwatosa, Wisconsin

Doug Kornreich, a lawyer from Reston, Virginia (whose 1-day cash winnings total $10,400)

[next game >>]

Jeopardy! Round responses

U.S. CITIES
BILL PULLMAN FILMS
THINK "INK"
VERONICA
NATURE
NURTURE
    $100 1
(Peter: What is Tucson?)

Phoenix

LindleyPeter
    $100 12
Independence Day

Doug
    $100 6
wink

Lindley
    $100 26
[The end-of-round signal sounds.]

Veronica Lake

Lindley
    $100 21
(Alex: Less than a minute to go...)

weaning

Doug
    $100 11
allowance

Doug
    $200 2
Charlotte

Doug
    $200 13
Casper

Doug
    $200 7
clink

Peter
    $200 22
bisexuality

Doug
    $200 17
grounded

Peter
    $300 3
(Lindley: What is St. Petersburg?)

Jacksonville

Lindley
Triple Stumper
    $300 14
While You Were Sleeping

Triple Stumper
    $300 8
DINK (double income, no kids)

Lindley
    $300 23
(Peter: What are worker bees?)

bumblebees

Peter
Triple Stumper
    $300 18
reading

Doug
    $400 4
(Doug: What is San Antonio?)

Albuquerque

Doug
Triple Stumper
    $400 15
(Doug: What is Ordinary People?)

Ruthless People

Doug
Triple Stumper
    $400 9
kitchen sink

Doug
    $400 24
eagles

Lindley
    $400 19
autism

Lindley
    $500 5
Pittsburgh

Peter
    $500 16
(Doug: What is Babe Didrikson Story?)

A League of Their Own

Doug
    $500 10
chain-link

Peter
    $500 25
(Lindley: What are mink?)

weasels

Lindley
Triple Stumper
    $500 20
Toughlove

Peter

Scores at the first commercial break (after clue 14):

Doug Lindley Peter
$600 $200 $1,100

Scores at the end of the Jeopardy! Round:

Doug Lindley Peter
$300 $600 $1,500

Double Jeopardy! Round responses

A WALK UP FIFTH AVENUE
OCTOBER 1955
"NEW" MUSIC
FRUITS & VEGETABLES
CHEMISTRY
LITTLE WORDS
    $200 1
Washington Square

Peter
    $200 11
Brooklyn Dodgers

Peter
    $200 21
A brand new bag

Peter
    $200 6
Apple

Triple Stumper
    $200 25
Seawater

Doug
    $200 9
Runt

Lindley
    $400 2
Empire State Building

Peter
    $400 12
UFOs

Lindley
    $400 22
New sensation

Peter
    $400 7
Kiwi

Lindley
    $400 26
Rust

Lindley
    $400 14
Molehill

Peter
    $600 3
21 Club

Peter
    $600 18
South Vietnam

Lindley
    $600 23
Juice Newton

Doug
    $600 8
Brussels sprouts

Peter
    $600 27
Smelting

Doug
    $600 15
"Itty Bitty" book light

Doug
    $800 4
Tiffany's

Lindley
    $800 19
No Time For Sergeants

Triple Stumper
    $1,000 24
(Alex: ...with about a minute left in the round.)

New Kids on the Block

Doug
    $800 10
Cranberries

Peter
    $800 28
Polyester

Triple Stumper
    $800 16
Wee

Triple Stumper
    $1000 5
(P: What is the Carnegie Mansion?)

Henry Clay Frick

Peter
Triple Stumper
    $1000 20
Marilyn Monroe

Lindley
    $1000 30
New Christy Minstrels

Lindley
    $1000 13
(L: What is a garbanzo bean?)

Jicama

Lindley
Triple Stumper
    $1000 29
Bromides

Triple Stumper
    $1,000 17
Iota

Doug

Scores at the end of the Double Jeopardy! Round:

Doug Lindley Peter
$4,300 $4,400 $4,300

[wagering suggestions for these scores]

Final Jeopardy! Round responses

BESTSELLERS
[Doug's response was revealed first.]
DougWhat is Carrie?
$200
PeterWhat is Carrie? Hi Joey
$3,000
LindleyWhat is the Exorcist?
$0
Carrie (by Stephen King)

Final scores:

Doug Lindley Peter
$4,500 $4,400 $7,300
2nd place: Trip to Casa de Campo, Santo Domingo, Dominican Republic 3rd place: Meade Model 395 Telescope New champion: $7,300

Game dynamics:

Coryat scores:

Doug Lindley Peter
$4,600 $4,400 $4,300
14 R
(including 2 DDs),
3 W
(including 1 DD)
14 R,
3 W
14 R,
3 W

Combined Coryat: $13,300

[game clues] [game scores] [suggest correction]

Game tape date: Unknown
The J! Archive is created by fans, for fans. Scraping, republication, monetization, and malicious use prohibited; this site may use cookies and collect identifying information. See terms. The Jeopardy! game show and all elements thereof, including but not limited to copyright and trademark thereto, are the property of Jeopardy Productions, Inc. and are protected under law. This website is not affiliated with, sponsored by, or operated by Jeopardy Productions, Inc. Join the discussion at JBoard.tv.